Logística: mejores prácticas en latinoamérica
Збережено в:
| Автори: | , |
|---|---|
| Формат: | Книга |
| Мова: | Іспанська |
| Опубліковано: |
Ciudad de México
Thomson
2004
|
| Предмети: | |
| Теги: |
Додати тег
Немає тегів, Будьте першим, хто поставить тег для цього запису!
|
MARC
| LEADER | 00000nam a2200000 a 4500 | ||
|---|---|---|---|
| 001 | UCK5097 | ||
| 003 | CL-VaPUC | ||
| 008 | 050708e20040000MX |||||||||||||||||spa|d | ||
| 020 | |a 9706864113 | ||
| 082 | 0 | 4 | |a 658.5 |b CAR |2 21 |
| 100 | 0 | |a Carranza, Octavio |e author |9 493802 | |
| 700 | 0 | |a Sabrià, Federico |e author |9 493803 | |
| 245 | 1 | 0 | |a Logística: mejores prácticas en latinoamérica |
| 300 | |a 426 p | ||
| 942 | |c BK | ||
| 945 | |d 20050708 00:00:00 |a jcarroza | ||
| 260 | |a Ciudad de México |b Thomson |c 2004 | ||
| 650 | 7 | |a LOGISTICA |2 CL-VaPUC |9 485423 | |
| 650 | 0 | |a Administración de empresas |9 260833 | |
| 650 | 0 | |a Planificación estratégica |9 259735 | |
| 650 | 0 | |a Gestión empresarial |9 349595 | |
| 583 | |a last modification |c 20050708 00:00:00 |k Rodrigo Vera | ||
| 999 | |c 313775 |d 313773 | ||
| 952 | |0 0 |1 0 |4 0 |6 658_500000000000000_CAR_2004 |7 0 |8 A |9 385278 |a BIBENE |b BIBENE |d 2019-11-22 |i 414354K |o 658.5 CAR 2004 |p 414354K |r 2025-01-15 |w 2019-11-22 |y BK |k ICO | ||
| 952 | |0 0 |1 0 |4 0 |6 658_500000000000000_CAR_2004 |7 0 |8 A |9 385279 |a BIBING |b BIBING |d 2019-11-22 |i 4165586 |o 658.5 CAR 2004 |p 4165586 |r 2025-01-20 |w 2019-11-22 |y BK |k TRA | ||
| 952 | |0 0 |1 0 |4 0 |6 658_500000000000000_CAR_2004 |7 0 |8 A |9 385280 |a BIBING |b BIBING |d 2019-11-22 |i 4216318 |o 658.5 CAR 2004 |p 4216318 |r 2025-01-20 |w 2019-11-22 |y BK |k TRA | ||
| 952 | |0 0 |1 0 |4 0 |6 658_500000000000000_CAR_2004 |7 0 |8 A |9 385281 |a BIBING |b BIBING |d 2019-11-22 |i 421630K |o 658.5 CAR 2004 |p 421630K |r 2025-01-20 |w 2019-11-22 |y BK |k TRA | ||
| 952 | |0 0 |1 0 |4 0 |6 658_500000000000000_CAR_2004 |7 0 |8 A |9 385282 |a BIBING |b BIBING |d 2019-11-22 |i 4216296 |o 658.5 CAR 2004 |p 4216296 |r 2025-01-20 |w 2019-11-22 |y BK |k TRA | ||
| 952 | |0 0 |1 0 |4 0 |6 658_500000000000000_CAR_2004 |7 0 |8 A |9 385283 |a BIBENE |b BIBENE |d 2019-11-22 |i 4381955 |o 658.5 CAR 2004 |p 4381955 |r 2025-01-15 |w 2019-11-22 |y BK |k ICO | ||